Statistics for Famous Faces - July Birthdays

Click here to take the quiz!

General Stats

  • This quiz has been taken 287 times
  • The average score is 13 of 31

Answer Stats

Answer% Correct
Diana, Princess of Wales
96%
Tom Hanks
91%
Nelson Mandela
90%
Harrison Ford
79%
Ringo Starr
78%
Angela Merkel
77%
Benedict Cumberbatch
75%
Will Ferrell
68%
Frida Kahlo
65%
Nikola Tesla
60%
Rembrandt
54%
J. K. Rowling
51%
Malala Yousafzai
51%
Terry Crews
46%
Ernest Hemingway
45%
Benito Mussolini
44%
Alex Trebek
34%
Haile Selassie
32%
John Quincy Adams
26%
Hugo Chávez
23%
Thurgood Marshall
21%
Simón Bolívar
20%
P. T. Barnum
15%
Jordan Spieth
11%
John D. Rockefeller
8%
Gregor Mendel
7%
Rosalind Franklin
6%
Nathaniel Hawthorne
4%
Ingmar Bergman
3%
George Bernard Shaw
2%
Jean-Claude Duvalier
2%

Score Distribution

Percentile by Number Answered

Percent of People with Each Score

Your Score History

You have not taken this quiz